Library Banner

Jamhoori socialism = جمہوری سوشلزم : (Record no. 122154)

MARC details
000 -LEADER
fixed length control field 00516nam a2200145 4500
005 - DATE AND TIME OF LATEST TRANSACTION
control field 20210429135738.0
008 - FIXED-LENGTH DATA ELEMENTS--GENERAL INFORMATION
fixed length control field 210429b ||||| |||| 00| 0 eng d
040 ## - CATALOGING SOURCE
Transcribing agency PK-LaUMT
082 ## - DEWEY DECIMAL CLASSIFICATION NUMBER
Classification number RHC 320.531
Item number RED-J
100 ## - MAIN ENTRY--PERSONAL NAME
Personal name Redess, Gyles = ریڈس، گائلس
245 ## - TITLE STATEMENT
Title Jamhoori socialism = جمہوری سوشلزم :
Remainder of title aik mukhtasir sa jaizah = ایک مختصر سا جائزہ /
Statement of responsibility, etc by Gyles Redess = از گائلس ریڈس
260 ## - PUBLICATION, DISTRIBUTION, ETC. (IMPRINT)
Place of publication, distribution, etc Dehli :
Name of publisher, distributor, etc National Academy,
Date of publication, distribution, etc 1965
300 ## - PHYSICAL DESCRIPTION
Extent 228 p.
942 ## - ADDED ENTRY ELEMENTS (KOHA)
Koha item type Books
Holdings
Withdrawn status Lost status Damaged status Home library Current library Date acquired Full call number Barcode Date last seen Price effective from Koha item type
      UMT Main Campus UMT Main Campus 2021-04-29 RHC 320.531 RED-J 136960 2021-04-29 2021-04-29 Books